000 00376nam a2200121Ia 4500
005 20251222154405.0
008 251222s9999||||xx |||||||||||||| ||spa||
020 _a978-9972-2694-3-1
082 _a869.561.1/M21
100 _a"Mamani Macedo, Porfirio"
245 0 _aLa sociedad peruana en la obra de José María Arguedas (El zorro de arriba y el zorro de abajo)
942 _cLIB
999 _c35430
_d35430